| 000 | 02331nam0a2200349 i 4500 | ||
|---|---|---|---|
| 001 | RU\NLR\BIBL_A\010795679 | ||
| 005 | 20260406053218.0 | ||
| 010 |
_a9785767720309 _9200 |
||
| 021 |
_aRU _b2015-42115 _92499 |
||
| 035 | _a(NILC)RuMoRGB-007951736 | ||
| 035 | _a(NLR Aleph) 010795679 | ||
| 090 |
_a10135112 _c10135112 |
||
| 100 | _a20150701d2014 um y0rusy50 ca | ||
| 101 | 0 | _arus | |
| 102 | _aRU | ||
| 105 | _ay|||j||||01yy | ||
| 200 | 1 |
_aКоррекция гомеостаза в предоперационном и раннем послеоперационном периоде у хирургических больных _eучебное пособие _fВ. Е. Волков, Г. В. Жамков, С. В. Волков, Д. Г. Жамков _g[отв. ред. засл. деят. науки и техники РФ, д. м. н., проф. Л. И. Винницкий] _gМ-во образования и науки Российской Федерации, Федеральное гос. бюджетное образовательное учреждение высш. проф. образования "Чувашский гос. ун-т им. И. Н. Ульянова" |
|
| 210 |
_aЧебоксары _cИзд-во Чувашского университета _d2014 |
||
| 215 |
_a211 с. _d21 |
||
| 320 | _aБиблиогр.: с. 208-209 (39 назв.) | ||
| 606 | 1 |
_aГомеостаз _jУчебные издания для высших учебных заведений _xРасстройства при хирургических болезнях _xТерапия _92251187 _3RU\NLR\AUTH\6601580882 |
|
| 686 | 1 | _aР45-2я73 | |
| 701 | 1 |
_7ca _8rus _aВолков _bВ. Е. _cд-р мед. наук _f1935- _gВладимир Егорович _9117934 _3RU\NLR\AUTH\778013 |
|
| 701 | 1 |
_aЖамков _bГ. В. _gГеннадий Викторович |
|
| 701 | 1 |
_7ca _8rus _aВолков _bС. В. _cд-р мед. наук, хирург. гастроэнтерология _gСергей Владимирович _9117935 _3RU\NLR\AUTH\778014 |
|
| 701 | 1 |
_aЖамков _bД. Г. _gДмитрий Геннадьевич |
|
| 702 | 1 |
_aВинницкий _bЛ.И. _gЛеонид Ильич _4340 |
|
| 801 | 0 |
_aRU _bРГБ _c20150608 _gRCR |
|
| 942 | _cBOOK | ||
| 980 | _aNBR | ||